Ľudia, ktorí zmenili svet 50 slávnych osobností, ich stručný životopis a obrazové dokumenty

Bibliographic Details
Main Author: Bergh, Hendrik van (Author)
Other Authors: Čierna, Mária, 1940- (Translator), Jakubičková, Mária (Translator)
Format: Book
Language:Slovak
German
PhysicalDescription:351 s. fotogr., ilustr. 30 cm
Published: Bratislava Mladé letá 2008
ISBN:9788010013616 (viaz.)
Edition:2. vyd.
Subjects:

MARC

LEADER 00000nam a2200000 a 4500
001 vtls009302274
003 SK-MaSNL
005 20260301210749.0
008 151112s2008 xo oa g 001 0cslo
015 |a SNBA2008/08-03079 
020 |a 9788010013616 (viaz.) 
035 |a 23213349-E2A1-4780-83D9-D50A944C5B24 
035 |a urn:nbn:sk:snk-amjvld 
035 |a urn:nbn:sk:snk-am00846a 
040 |a SNK  |b slo  |c SNK  |e AACR2 
041 1 |a slo  |h ger 
044 |a xo  |c SK 
072 7 |a 929  |x Biografie  |2 konspekt 
080 |a 929  |2 2001 
080 |a 94(100)  |2 2001 
080 |a (092)  |2 2001 
080 |a (048.8)  |2 2001 
130 0 |a Menschen, die die Welt veränderten, 50 berühmte, Persönlichkeiten in Lebensbildern und Bilddokumenten  |l Slovensky  |9 594702 
245 0 0 |a Ľudia, ktorí zmenili svet  |b 50 slávnych osobností, ich stručný životopis a obrazové dokumenty  |c [autori textov: Hendrich van Bergh ... [et al.] ; preklad Mária Čierna, Mária Jakubičková] 
250 |a 2. vyd. 
260 |a Bratislava  |b Mladé letá  |c 2008 
300 |a 351 s.  |b fotogr., ilustr.  |c 30 cm 
504 |a Reg. 
650 0 7 |a svetové dejiny  |2 SNKPH  |9 4037 
650 0 7 |a osobnosti  |2 SNKPH  |9 29820 
655 7 |a biografie  |2 SNKPH  |9 27965 
655 7 |a prehľady  |2 SNKPH  |9 70194 
700 1 |a Bergh, Hendrik van  |4 aut  |9 42853 
700 1 |a Čierna, Mária,  |d 1940-  |4 trl  |9 172576 
700 1 |a Jakubičková, Mária  |4 trl  |9 44545 
919 |a 978-80-10-01361-6 
958 |a OP 
958 |a BC 
968 |b ENG  |d 92 
999 |c 914749  |d 916679 
952 |a SNK  |b SNK  |y VYP  |7 0  |p 17A0589882  |o snkSB 76280 D1  |i snk2008/12541  |8 0  |0 0  |1 0  |4 0  |d 2008-06-13  |l 0  |r 2016-06-30 00:00:00  |w 2026-02-24 
952 |a SNK  |b SNK  |y PREZ  |7 0  |p 17A0587766  |o snkSB 76280  |i snk2008/12050  |8 0  |0 0  |1 0  |4 0  |d 2008-06-09  |f 1  |l 0  |r 2025-04-30 00:00:00  |w 2026-02-24